ASSESSMENT OF THE ORAL HEALTH STATUS AND ORAL HEALTH RELATED QUALITY OF LIFE AMONG ELDERLY DIABETIC AND NON-DIABETIC POPULATION RESIDING IN RURAL AREAS OF GURUGRAM DISTRICT HARYANA (Record no. 17048)

MARC details
000 -LEADER
fixed length control field 00473nam a22001337a 4500
003 - CONTROL NUMBER IDENTIFIER
control field SGT
082 ## - DEWEY DECIMAL CLASSIFICATION NUMBER
Classification number 617.601
Item number A18R
100 ## - MAIN ENTRY--PERSONAL NAME
Personal name SONIA, RAINA
245 ## - TITLE STATEMENT
Title ASSESSMENT OF THE ORAL HEALTH STATUS AND ORAL HEALTH RELATED QUALITY OF LIFE AMONG ELDERLY DIABETIC AND NON-DIABETIC POPULATION RESIDING IN RURAL AREAS OF GURUGRAM DISTRICT HARYANA
260 ## - PUBLICATION, DISTRIBUTION, ETC. (IMPRINT)
Place of publication, distribution, etc DELHI NCR
Name of publisher, distributor, etc SGT UNIVERSITY GURUGRAM
Year of Publication 2018
300 ## - PAGE DESCRIPTION
No. of Pages 110
650 ## - SUBJECT ADDED ENTRY--TOPICAL TERM
Topical term or geographic name as entry element PUBLIC HEALTH DENTISTRY
942 ## - ADDED ENTRY ELEMENTS (KOHA)
Source of classification or shelving scheme Dewey Decimal Classification
Koha item type Thesis/Dissertation
Holdings
Withdrawn status Lost status Source of classification or shelving scheme Damaged status Not for loan Home library Current library Shelving location Date acquired Vendor Name SGTU Total Checkouts Full call number Accession No. (Barcode) Date last seen Bill Date Koha item type
    Dewey Decimal Classification     SGT Dental Library SGT Dental Library Reference Book 02/03/2019 PERFECT BOOK BINDING HOUSE NEW DELHI SGTU   617.601 A18R DT545 02/03/2019 02/03/2019 Thesis/Dissertation